| 000 | 00671nam a22002177a 4500 | ||
|---|---|---|---|
| 999 |
_c16381 _d16381 |
||
| 003 | AR-CdUCM | ||
| 008 | 190503b ||||| |||| 00| 0 spa d | ||
| 040 |
_aMUNICIPALIDAD PROVINCIAL DEL CUSCO _cBIBLIOTECA MUNICIPAL DEL CUSCO |
||
| 041 | _hfre | ||
| 082 |
_a843 / _bL86 |
||
| 100 |
_aLoti, Pierre _934594 |
||
| 245 | _aEl castillo de la hermosa del bosque durmiente / | ||
| 260 |
_aBarcelona : _bCervantes, _c1925. |
||
| 300 |
_a224 páginas ; _c19 cm. |
||
| 505 | _aContenido: Novela | ||
| 650 |
_aNovelas francesas _9571 |
||
| 650 |
_aSiglo XIX. _9971 |
||
| 700 |
_aDíez de Tejada, Vicente (traductor) _935795 |
||
| 942 |
_2ddc _cLIBROS |
||
| 945 |
_aacv _d2019-05-03 |
||